000 00489nam a2200169Ia 4500
008 140527s9999 xx 000 0 und d
020 _a9781118508800
050 _aQA 76.8.I64
_b.G652 2013
100 _aGoldstein, Neal.
245 _aios 6 application development for dummies /
_cNeal Goldstein, Dave Wilson
260 _aHoboken, N.J. :
_bWiley,
_cc2013.
300 _a559 p. :
_bill. ;
_c24 cm.
500 _aIncludes index.
521 _aIT
942 _kFOR
_cBK
999 _c117422
_d117422